Responses for Show #5606 - Monday, January 12, 2009

Contestants

[<< previous game]

Pat Arnett, a structural engineer originally from Mattoon, Illinois

Debbie Israel, an artist, tutor and writer from Highland Park, New Jersey

Jack McPherson, a bookseller from Mount Ida, Arkansas (whose 1-day cash winnings total $16,200)

[next game >>]

Jeopardy! Round responses

THE LOUVRE
EARN, BABY, EARN
JAY LENO'S HEADLINES
DAIRY PRODUCTS
SHOW ME YOUR PENINSULA!
HOW WELL DO YOU KNOW "ME"?
(Alex: "M-E" will begin each correct response.)
    $200 11
the Venus de Milo

Pat
    $200 18
(David) Beckham

Debbie
    $200 23
FEMA

Jack
    $200 16
cream

Jack
    $200 1
Florida

Jack
    $200 3
"Meter Maid"

Jack
    $400 12
Michelangelo

Jack
    $400 19
Yao Ming

Jack
    $400 24
a Bible

Jack
    $400 17
(Pat: What is cottage cheese?)
...
(Alex: Go for the obvious.)

butter

DebbiePat
    $400 2
Denmark

Debbie
    $400 7
mediocre

Jack
    $600 13
the Mona Lisa

Pat
    $600 20
A-Rod or Alex Rodriguez

Pat
    $600 25
Burger King

Pat
    $600 27
antibiotics

Debbie
    $600 4
Italy

Pat
    $600 8
meteor showers

Debbie
    $800 14
the Pyramid

Pat
    $800 21
Phil Mickelson

Pat
    $800 26
arsenic

Debbie
    $800 28
pasteurization

Debbie
    $1,000 5
the Yucatan

Pat
    $800 9
meatpacking

Jack
    $1000 15
the Winged Victory of Samothrace

Triple Stumper
    $1000 22
De La Hoya

Jack
    $1000 30
a mountain lion

Jack
    $1000 29
yogurt

Debbie
    $1000 6
the Black Sea

Jack
    $1000 10
the Me Decade

Pat

Scores at the first commercial break (after clue 15):

Jack Debbie Pat
$3,000 $1,000 $4,200

Scores at the end of the Jeopardy! Round:

Jack Debbie Pat
$6,200 $4,800 $5,800

Double Jeopardy! Round responses

THE 19th CENTURY
MY ACTING & POLITICAL RESUME
(Alex: You identify the person.)
WILL IAMB
STARS & STRIPES
PLANT LIFE
"SP"EAK UP!
    $400 1
the Spanish-American War

Pat
    $400 6
[Pat imitates [*] while giving his response.]

Arnold Schwarzenegger

Pat
    $400 23
(William Butler) Yeats

Debbie
    $400 14
7

Debbie
    $400 21
a frond

Pat
    $400 9
a sparrow

Pat
    $800 2
New Zealand

Jack
    $800 7
Jesse Ventura

Jack
    $2,000 27
(Pat: Who is William...[Exhales deeply])
(Alex: Halfway there.)
(Pat: Keats?)
[The end-of-round signal sounds.]

William Wordsworth

Pat
    $800 15
(Jack: What is a red giant?)
(Alex: Be more specific.)
(Jack: A red giant star?)
(Debbie: What is a red gas giant?)

a red supergiant

JackDebbiePat
    $800 22
(Pat: What is a rover?)

red clover

Pat
Triple Stumper
    $800 10
(Debbie: What is the space race?)

the Space Age

DebbiePat
    $1200 3
(Debbie: What is Mobile?)
(Pat: What is Vicksburg?)

New Orleans

JackDebbiePat
    $1200 8
Sonny Bono

Debbie
    $1200 18
a candy striper

Pat
    $1,200 24
a parasite

Debbie
    $1200 11
a spool

Jack
    $1600 4
the Austro-Hungarian Empire

Jack
    $1600 16
(Fred) Grandy

Jack
    $1600 19
(Debbie: What is trompe l'oeil?)

an illusion

Debbie
Triple Stumper
    $1600 25
broomcorn

Jack
    $1600 12
Spamalot

Jack
    $2000 5
Pago Pago

Triple Stumper
    $2000 17
(Debbie: Who is Lynn Redgrave?)

Glenda Jackson

Debbie
Triple Stumper
    $2000 20
(Pat: What is Cani--canis?)

Canis Major

DebbiePat
    $2000 26
desert

Pat
    $2000 13
(Jack: What is the Spirit Award?)

the Spingarn Medal

Jack
Triple Stumper

Scores at the end of the Double Jeopardy! Round:

Jack Debbie Pat
$13,800 $3,600 $6,200
(lock game)

[wagering suggestions for these scores]

Final Jeopardy! Round responses

ENGLISH SPELLING
DebbieWhat is "i before e except after c"?
$2,700
PatWhat is I before E except after C?
$1,001
JackWhat is I before E except after C?
$1,200
I before E, except after C

Final scores:

Jack Debbie Pat
$15,000 $6,300 $7,201
2-day champion: $31,200 3rd place: $1,000 2nd place: $2,000

Game dynamics:

Coryat scores:

Jack Debbie Pat
$13,800 $3,600 $8,000
20 R,
2 W
13 R
(including 1 DD),
5 W
17 R
(including 1 DD),
5 W
(including 1 DD)

Combined Coryat: $25,400

[game clues] [game scores] [suggest correction]

Game tape date: 2008-11-11
The J! Archive is created by fans, for fans. Scraping, republication, monetization, and malicious use prohibited; this site may use cookies and collect identifying information. See terms. The Jeopardy! game show and all elements thereof, including but not limited to copyright and trademark thereto, are the property of Jeopardy Productions, Inc. and are protected under law. This website is not affiliated with, sponsored by, or operated by Jeopardy Productions, Inc. Join the discussion at JBoard.tv.